Joueurs de foot par leurs photos - Statistiques

Statistiques générales
  • Ce quiz a été pris 396 fois
  • Le résultat moyen est 14 sur 16
Statistiques - réponses
Par images Réponse % Correct
Mbappé
100%
Yamal
96%
Benzema
95%
Kane
95%
Griezmann
94%
Bellingham
93%
Di Maria
91%
Lewandowski
91%
Saliba
89%
Son
89%
lacazette
86%
Rashford
86%
Leao
85%
Williams
81%
Tolisso
79%
Carrasco
60%
Aucun quiz correspondant
Distribution des résultats
% des personnes avec chaque résultat
Percentile par nombre de réponses
Votre historique - résultats
Vous n’avez pas pris ce quiz